| 000 | | | 03878nmc2a22002413x 450 |
| 001 | | | d1851dc8-065c-4841-81c1-52ed12c0a07c |
| 005 | | | 20201016135656.0 |
| 100 | ## | $a | 20200312l19101912k l0rusy0189 ca |
| 101 | 0# | $a | rus |
| 102 | ## | $a | RU |
| 105 | ## | $a | y### |
| 122 | 2# | $a | d |
| 200 | 1# | $a | Дело о включении в число действительных членов озябликовского и других попечительств детских приютов Ведомства учреждений императрицы Марии (в Озябликовском погосте) заведующего учителя местного двухклассного училища и одного из учителей Озябликовской земской школы |
| | $j | 5 апреля 1910 г. - 16 марта 1912 г. |
| 215 | ## | $a | 18 л. |
| | $d | 36,5х26 см |
| 251 | ## | $c | Дело |
| 300 | ## | $a | Дело |
| 371 | ## | $a | Документ не является опубликованным и широко распространяемым |
| 461 | #0 | $1 | 001a74412a3-3cc5-4d21-8f0a-dfe2fbd9e72d |
| | $1 | 2001 |
| | $a | Департамент народного просвещения Министерства народного просвещения (1803-1917) |
| | $1 | 251 |
| | $c | Фонд |
| | $1 | 852 |
| | $j | 733 |
| 462 | #0 | $1 | 00183b7be38-9039-4a55-aea0-0d9bd5775b1a |
| | $1 | 2001 |
| | $a | Дела разряда учительских институтов, семинарий и низших учебных заведений |
| | $1 | 251 |
| | $c | Опись |
| | $1 | 852 |
| | $j | 177 |
| 801 | #0 | $a | RU |
| | $b | РГИА |
| | $c | 20200312 |
| | $g | RCR |
| 801 | #1 | $a | RU |
| | $b | ГлавНИВЦ |
| | $c | 20200312 |
| | $2 | rusmarc |
| 801 | #2 | $a | RU |
| | $b | ПБ им. Б.Н. Ельцина |
| | $c | 20201016 |
| | $g | RCR |
| | $2 | rusmarc |
| 850 | ## | $a | РГИА |
| 852 | ## | $a | РГИА |
| | $e | Федеральное казенное учреждение "Российский государственный исторический архив" (РГИА) |
| | $j | 195 |
| 937 | ## | $h | РГИА |
| | $d | 12341261 |
| | $a | ASBIBLIO_SCAN |
| 035 | ## | $a | RusGRCC00002667 |
| 856 | ## | $u | http://readingroom.main.prlib.ru/item.aspx?id_node=n148818800&mode=full |